Star Trek Chain Game - Statistics

General Stats
  • This quiz has been taken 104 times
    90 since last reset
  • The average score is 20 of 28
Answer Stats
Hint Answer % Correct
The original Captain Kirk
99%
Seven of ____ Nine
99%
Warrior race Klingon
96%
Original Security Chief on TNG, Tasha ___ Yar
96%
Picard's drink of choice Earl Grey
93%
Series that ran 2001-2005 Enterprise
92%
Alien empire with cloaking technology Romulan
92%
Picard's rank before his resignation from Starfleet Admiral
86%
Garak and Dukat's home star system Cardassia
86%
A Pointy-Eared Hobgoblin, according to McCoy Spock
84%
Blue-skinned species with antennae Andorian
83%
Quark's nephew Nog
82%
Ensign Kim's first name Harry
77%
The so-called "Pleasure Planet" Risa
77%
What Federation ship registries begin with NCC
76%
Reptilian alien that Kirk famously bounces a rock off of Gorn
73%
Animated Star Trek series that premiered in 2020 Lower Decks
72%
Name of Earth's star system Sol
71%
Flat, round section of many Federation starships Saucer
70%
Name given to the assimilated Picard Locutus
66%
Part of a starship that houses warp coils Nacelle
61%
Freighter captain and love interest of Ben Sisko, Kasidy _____ Yates
59%
Greatest warrior in Klingon mythology Kah'less
48%
Vulcan officer played by Kirstie Alley and Robin Curtis Saavik
43%
Kelpian officer serving aboard the Discovery Saru
42%
Federation Shipyard located on and in orbit around Mars Utopia Planitia
30%
Power grid that often needs realignment EPS
27%
Jordanian royalty who made a cameo appearance in an episode of Voyager Abdullah
25%
No matching quizzes found
Score Distribution
Percent of People with Each Score
Percentile by Number Answered
Your Score History
You have not taken this quiz since the last reset